Coal in the energy supply of India

Gespeichert in:
Bibliographische Detailangaben
Format: Buch
Sprache:Englisch
Veröffentlicht: Paris OECD/IEA 2002
Schlagworte:
Tags: Tag hinzufügen
Keine Tags, Fügen Sie das erste Tag hinzu!

MARC

LEADER 00000nam a2200000 4500
001 c140081
005 20221221092059.6
020 |a 92-64-19799-0 
041 0 |a eng 
044 |a FR 
245 1 0 |a Coal in the energy supply of India 
264 1 |a Paris  |b OECD/IEA  |c 2002 
300 |a 115 s. 
610 2 0 |a situácia hospodárska 
610 2 0 |a politika hospodárska 
610 2 0 |a energetika 
610 2 0 |a uhlie 
610 2 0 |a baníctvo 
610 2 0 |a ponuka 
610 2 0 |a dopyt 
610 2 0 |a obchod 
610 2 0 |a regulácia 
610 2 0 |a technológia 
610 2 0 |a infraštruktúra 
610 2 0 |a spoločnosti 
610 2 0 |a reformy hospodárske 
610 2 0 |a elektroenergetika 
610 2 0 |a odvetvia priemyselné 
610 2 0 |a spolupráca medzinárodná 
610 2 0 |a údaje štatistické 
610 2 0 |a ťažba surovín 
610 2 0 |a produkcia 
610 2 0 |a svet 
610 2 0 |a India 
610 2 0 |a OECD